'G' Film Characters Quiz Stats

 Plays Quiz Updated Apr 26, 2015

Score 0/16 Timer 04:00
0 Plays Today
Character % Correct
The Grinch
96.2%
Godzilla
93.3%
Gandalf the Grey
89.6%
Ginny Weasley
77.1%
Gromit
76.3%
Gaston
74.6%
Glinda
70.6%
Garth Algar
64.5%
Character % Correct
Gru
64.1%
Gaylord 'Greg' Focker
57.2%
Goose
51.8%
Gordon Gekko
50.9%
Gizmo
50.6%
George Bailey
50.5%
Gretchen Wieners
42%
Gale Hawthorne
41.7%

You're not logged in!

Compare scores with friends on all Sporcle quizzes.
OR
Log In

Sporcle TV

Today on Sporcle TV


Watch our educational content, quiz creation guides, and fun videos on Sporcle TV.

Show Comments

Extras

Top Quizzes Today


Score Distribution

Your Account Isn't Verified!

In order to create a playlist on Sporcle, you need to verify the email address you used during registration. Go to your Sporcle Settings to finish the process.

Report this User

Report this user for behavior that violates our Community Guidelines.

Details: